LEADER 01002cam0-22003371i-450 001 990004448870403321 005 20180914102118.0 035 $a000444887 035 $aFED01000444887 035 $a(Aleph)000444887FED01 035 $a000444887 100 $a19990604d1957----km-y0itay50------ba 101 0 $aita 102 $aIT 105 $ay-------001yy 200 1 $aAspetti della filosofia giuridica, politica e sociale di S. Agostino$fGiovanni Garilli 210 $aMilano$cGiuffrè$d1957 215 $aVII, 302 p.$d22 cm 610 0 $aAGOSTINO, AURELIO $aPENSIERO FILOSOFICO 676 $a340.1$v20$zita 676 $a189 700 1$aGarilli,$bGiovanni$0177361 801 0$aIT$bUNINA$gRICA$2UNIMARC 901 $aBK 912 $a990004448870403321 952 $a340.1 GARI 1$bbibl.29820$fFLFBC 952 $aXI D 201$b50330$fFGBC 959 $aFGBC 959 $aFLFBC 996 $aAspetti della filosofia giuridica, politica e sociale di S. Agostino$9543008 997 $aUNINA LEADER 04494nam 2200697I 450 001 9910291731403321 010 $a1-351-65202-8 010 $a1-315-15596-6 010 $a1-4987-8787-8 035 $a(CKB)4100000004834525 035 $a(MiAaPQ)EBC5426716 035 $a(OCoLC)1037075032 035 $a(EXLCZ)994100000004834525 100 $a20180727d2018 uy 0 101 0 $aeng 135 $aurcnu|||||||| 181 $ctxt$2rdacontent 182 $cc$2rdamedia 183 $acr$2rdacarrier 200 00$aCells in evolutionary biology $etransLating genotypes into phenotypes - past, present, future /$fedited by Brian K. Hall and Sally A. Moody 205 $aFirst edition. 210 1$aBoca Raton, FL :$cCRC Press, an imprint of Taylor and Francis,$d2018. 215 $a1 online resource (295 pages) 225 1 $aEvolutionary cell biology 311 $a1-4987-8786-X 320 $aIncludes bibliographical references. 327 $achapter 1 The Role of Cells and Cell Theory in Evolutionary Thought, circa 1840-1872 -- chapter 2 Germ Cells and Somatic Cells in Evolutionary Biology: August Weismann's Germ Plasm Theory -- chapter 3 Cell Lineages in Ontogeny and Phylogeny from 1900 -- chapter 4 Protists and Multiple Routes to the Evolution of Multicellularity -- chapter 5 Symbiosis in Eukaryotic Cell Evolution: Genomic Consequences and Changing Classification -- chapter 6 Cellular Signaling Centers and the Maintenance and Evolution of Morphological Patterns in Vertebrates -- chapter 7 Cellular Control of Time, Size, and Shape in Development and Evolution -- chapter 8 Cellular Basis of Evolution in Animals: An Evo-Devo Perspective -- chapter 9 Dynamical Patterning Modules Link Genotypes to Morphological Phenotypes in Multicellular Evolution. 330 3 $aThis book is the first in a projected series on Evolutionary Cell Biology, the intent of which is to demonstrate the essential role of cellular mechanisms in transforming the genotype into the phenotype by transforming gene activity into evolutionary change in morphology. This book ?Cells in Evolutionary Biology ? evaluates the evolution of cells themselves and the role cells have been viewed to play as agents of change at other levels of biological organization. Chapters explore Darwin?s use of cells in his theory of evolution and how Weismann?s theory of the separation of germ plasm from body cells brought cells to center stage in understanding how acquired changes to cells within generations are not passed on to future generations. The study of evolution through the analysis of cell lineages during embryonic development dominated evolutionary cell biology until usurped by the switch to genes as the agents of heredity in the first decades of the 20th century. Discovery that cells exchanged organelles via symbiosis led to a fundamental reevaluation of prokaryotic and eukaryotic cells and to a reorganizations of the Tree of Life. Identification of cellular signaling centers, of mechanisms responsible for cellular patterning, and of cell behavior and cellular condensations as mediating the plasticity that enables phenotypic change during evolution, provided powerful new synergies between cell biology and evolutionary theory and the basis for Evolutionary Cell Biology. 410 0$aEvolutionary cell biology. 606 $aCell Biology 606 $aNatural History 606 $aZoology 606 $aLIFESCIENCEnetBASE$2bisacsh 606 $aSCIENCE / Life Sciences / Evolution$2bisacsh 606 $aNATURE / Animals / General$2bisacsh 606 $aEvolution, Molecular 606 $aCell Physiological Phenomena$xgenetics 606 $aGenetic Association Studies 606 $aGenotype 606 $aPhenotype 608 $aElectronic books. 615 0$aCell Biology. 615 0$aNatural History. 615 0$aZoology. 615 7$aLIFESCIENCEnetBASE. 615 7$aSCIENCE / Life Sciences / Evolution. 615 7$aNATURE / Animals / General. 615 12$aEvolution, Molecular. 615 22$aCell Physiological Phenomena$xgenetics. 615 22$aGenetic Association Studies. 615 22$aGenotype. 615 22$aPhenotype. 676 $a572.838 702 $aHall$b Brian K$g(Brian Keith),$f1941- 702 $aMoody$b Sally A. 801 0$bFlBoTFG 801 1$bFlBoTFG 906 $aBOOK 912 $a9910291731403321 996 $aCells in evolutionary biology$92171530 997 $aUNINA LEADER 04050nam 22007452 450 001 9910826855103321 005 20160418143356.0 010 $a1-107-22080-7 010 $a1-139-01247-9 010 $a1-283-01599-4 010 $a9786613015990 010 $a1-139-01168-5 010 $a1-139-01194-4 010 $a1-139-01115-4 010 $a1-139-01088-3 010 $a0-511-97682-8 010 $a1-139-01141-3 035 $a(CKB)2560000000061394 035 $a(EBL)667616 035 $a(OCoLC)707068374 035 $a(SSID)ssj0000467933 035 $a(PQKBManifestationID)12140875 035 $a(PQKBTitleCode)TC0000467933 035 $a(PQKBWorkID)10490808 035 $a(PQKB)10346763 035 $a(UkCbUP)CR9780511976827 035 $a(MiAaPQ)EBC667616 035 $a(Au-PeEL)EBL667616 035 $a(CaPaEBR)ebr10452906 035 $a(CaONFJC)MIL301599 035 $a(EXLCZ)992560000000061394 100 $a20101012d2011|||| uy| 0 101 0 $aeng 135 $aur||||||||||| 181 $ctxt$2rdacontent 182 $cc$2rdamedia 183 $acr$2rdacarrier 200 10$aCongress in black and white $erace and representation in Washington and at home /$fChristian R. Grose$b[electronic resource] 210 1$aCambridge :$cCambridge University Press,$d2011. 215 $a1 online resource (xiv, 242 pages) $cdigital, PDF file(s) 300 $aTitle from publisher's bibliographic system (viewed on 05 Oct 2015). 311 $a0-521-17701-4 311 $a1-107-00351-2 320 $aIncludes bibliographical references and index. 327 $aMachine generated contents note: 1. African-American legislators, African-American districts, or democrats?; 2. A unified theory of African-American representation in Congress; 3. The "hollow hope" of civil rights change in the US House; 4. Location, location, location: delivering constituency service to African-Americans; 5. Constituency service in the district: connecting black legislators, black staff, and black voters; 6. Bringing home the bacon: delivering federal "pork" to African-Americans; 7. The future of racial redistricting: black decisive districts. 330 $aThe symbolic importance of Barack Obama's election is without question. But beyond symbolism, does the election of African-American politicians matter? Grose argues that it does and presents a unified theory of representation. Electing African-American legislators yields more federal dollars and congressional attention directed toward African-American voters. However, race and affirmative action gerrymandering have no impact on public policy passed in Congress. Grose is the first to examine a natural experiment and exceptional moment in history in which black legislators - especially in the U.S. South - represented districts with a majority of white constituents. This is the first systematic examination of the effect of a legislator's race above and beyond the effect of constituency racial characteristics. Grose offers policy prescriptions, including the suggestion that voting rights advocates, the courts, and redistricters draw 'black decisive districts', electorally competitive districts that are likely to elect African Americans. 517 3 $aCongress in Black & White 606 $aAfrican American legislators 606 $aGerrymandering$zUnited States 606 $aAfrican Americans$xGovernment policy 606 $aCivil rights$xGovernment policy$zUnited States 606 $aRepresentative government and representation$zUnited States 615 0$aAfrican American legislators. 615 0$aGerrymandering 615 0$aAfrican Americans$xGovernment policy. 615 0$aCivil rights$xGovernment policy 615 0$aRepresentative government and representation 676 $a328.730089/96073 700 $aGrose$b Christian R.$01602786 801 0$bUkCbUP 801 1$bUkCbUP 906 $aBOOK 912 $a9910826855103321 996 $aCongress in black and white$93926843 997 $aUNINA LEADER 04369nam 2200601Ia 450 001 9910965877103321 005 20251117115721.0 035 $a(CKB)1000000000000369 035 $a(OCoLC)70773943 035 $a(CaPaEBR)ebrary10032123 035 $a(SSID)ssj0000276639 035 $a(PQKBManifestationID)11237821 035 $a(PQKBTitleCode)TC0000276639 035 $a(PQKBWorkID)10232935 035 $a(PQKB)10784939 035 $a(MiAaPQ)EBC3115768 035 $a(Au-PeEL)EBL3115768 035 $a(CaPaEBR)ebr10032123 035 $a(OCoLC)927515273 035 $a(BIP)7324437 035 $a(EXLCZ)991000000000000369 100 $a20020404d2002 uy 0 101 0 $aeng 135 $aurcn||||||||| 181 $ctxt 182 $cc 183 $acr 200 00$aAcross the Anatolian plateau $ereadings in the archaeology of ancient Turkey /$fedited by David C. Hopkins 210 $aBoston, MA $cAmerican Schools of Oriental Research$d2002 215 $a1 online resource (219 p.) 225 1 $aThe annual of the American Schools of Oriental Research ;$vv. 57 300 $aBibliographic Level Mode of Issuance: Monograph 311 08$a0-89757-053-7 320 $aIncludes bibliographical references and index. 327 $aAn overview of Anatolian archaeology / Ronald L. Gorney -- Plants and people in ancient Anatolia / Mark Nesbitt -- Urban planning and the archaeology of society at early Bronze Age Titris? Ho?yu?k / Timothy Matney -- Swords, armor, and figurines : a metalliferous view from the central Taurus / K. Asl?han Yener -- Environment, archaeology, and history in Hittite Anatolia / Ronald L. Gorny -- The history of the Hittites / Gregory McMahon -- The great temple in Bog?azko?y-H?attus?a / Peter Neve -- The power of narrative in Hittite literature / Ahmet U?nal -- Hittite pottery and potters : the view from late Bronze Age Gordion / Robert C. Henrickson -- The religion of the Hittites / Gary Beckman -- A Hittite seal from Megiddo / Itamar Singer -- An Urartian Ozymandias / Paul Zimansky -- King or God? imperial iconography and the "Tiarate head" coins of Achaemenid Anatolia / Elspeth R. M. Dusinberre -- Lydian houses, domestic assemblages, and household size / Nicholas Cahill -- Gordion : the rise and fall of an Iron Age capital / Mary M. Voigt -- New research on the city plan of ancient Aphrodisias / . 327 $aAn overview of Anatolian archaeology / Ronald L. Gorney -- Plants and people in ancient Anatolia / Mark Nesbitt -- Urban planning and the archaeology of society at early Bronze Age Titris? Ho?yu?k / Timothy Matney -- Swords, armor, and figurines : a metalliferous view from the central Taurus / K. Asl?han Yener -- Environment, archaeology, and history in Hittite Anatolia / Ronald L. Gorny -- The history of the Hittites / Gregory McMahon -- The great temple in Bog?azko?y-H?attus?a / Peter Neve -- The power of narrative in Hittite literature / Ahmet U?nal -- Hittite pottery and potters : the view from late Bronze Age Gordion / Robert C. Henrickson -- The religion of the Hittites / Gary Beckman -- A Hittite seal from Megiddo / Itamar Singer. 327 $aAn Urartian Ozymandias / Paul Zimansky -- King or God? Imperial iconography and the "Tiarate head" coins of Achaemenid Anatolia / Elspeth R. M. Dusinberre -- Lydian houses, domestic assemblages, and household size / Nicholas Cahill -- Gordion : the rise and fall of an Iron Age capital / Mary M. Voigt -- New research on the city plan of ancient Aphrodisias / Christopher Ratte?. 330 $aThis collection of essays reviews recent work in Anatolia. Many papers discuss Hittite religion and culture, including the first English-language discussion, by Peter Neve, of the Great Temple at Hattusa. Others review work at later sites including Aphrodisias and Sardis. 410 0$aAnnual of the American Schools of Oriental Research ;$vv. 57. 606 $aExcavations (Archaeology)$zTurkey 606 $aHittites$zTurkey 607 $aTurkey$xAntiquities 615 0$aExcavations (Archaeology) 615 0$aHittites 676 $a939/.2 701 $aHopkins$b David C.$f1952-$01864683 801 0$bMiAaPQ 801 1$bMiAaPQ 801 2$bMiAaPQ 906 $aBOOK 912 $a9910965877103321 996 $aAcross the Anatolian plateau$94471574 997 $aUNINA LEADER 05861nam 22007095 450 001 9910299457103321 005 20251230070210.0 010 $a3-319-10828-X 024 7 $a10.1007/978-3-319-10828-5 035 $a(CKB)3710000000311767 035 $a(EBL)1967675 035 $a(SSID)ssj0001408070 035 $a(PQKBManifestationID)11766010 035 $a(PQKBTitleCode)TC0001408070 035 $a(PQKBWorkID)11347639 035 $a(PQKB)10611226 035 $a(DE-He213)978-3-319-10828-5 035 $a(MiAaPQ)EBC1967675 035 $a(PPN)183153391 035 $a(EXLCZ)993710000000311767 100 $a20141205d2015 u| 0 101 0 $aeng 135 $aur|n|---||||| 181 $ctxt 182 $cc 183 $acr 200 14$aThe 1st International Workshop on the Quality of Geodetic Observation and Monitoring Systems (QuGOMS'11) $eProceedings of the 2011 IAG International Workshop, Munich, Germany April 13?15, 2011 /$fedited by Hansjörg Kutterer, Florian Seitz, Hamza Alkhatib, Michael Schmidt 205 $a1st ed. 2015. 210 1$aCham :$cSpringer International Publishing :$cImprint: Springer,$d2015. 215 $a1 online resource (179 p.) 225 1 $aInternational Association of Geodesy Symposia,$x2197-9359 ;$v140 300 $aDescription based upon print version of record. 311 08$a3-319-10827-1 320 $aIncludes bibliographical references and index. 327 $aPart I Uncertainty modeling of geodetic data -- 1. Modeling Data Quality Using Artificial Neural Networks -- 2. Magic Square of Real Spectral and Time Series Analysis with an Application to Moving Average Processes -- 3. Describing the Quality of Inequality Constrained Estimates -- 4. GNSS Integer Ambiguity Validation Procedures: Sensitivity Analysis -- 6. Optimal Design of Deformation Monitoring Networks Using the Global Optimization Methods -- Part II Theoretical Studies on Combination Strategies and Parameter Estimation -- 7. Towards the Combination of Data Sets from Various Observation Techniques -- 8. On the Weighted Total Least Squares Solutions -- 9. Integration of Observations and Models in a Consistent Least Squares Adjustment Model -- 10. Comparison of Different Combination Strategies Applied for the Computation of Terrestrial Reference Frames and Geodetic Parameter Series -- 11. W-Ratio Test as an Integer Aperture Estimator: Pull-in Regions and Ambiguity Validation Performance -- 12. Performing 3D Similarity Transformation Using the Weighted Total Least-Squares Method -- 13. Comparison of Spatial Analyzer and Different Adjustment Programs. Part III Recursive State-Space Filtering -- 14. State-Space Filtering With Respect to Data Imprecision and Fuzziness -- 15. Unscented Kalman Filter Algorithm with Colored Noise and its Application in Spacecraft Attitude Estimation -- 16. Principles and Comparisons of Various Adaptively Robust Filters with Applications in Geodetic Positioning -- 17. Alternative Nonlinear Filtering Techniques in Geodesy for Dual State and Adaptive Parameter Estimation -- Part IV Sensor Networks and Multi Sensor Systems in Engineering Geodesy -- 18. Parametric Modeling of Static and Dynamic Processes in Engineering Geodesy -- 19. Land subsidence in Mahyar plain, Central Iran, studied using SBAS-InSAR Method. 20. Recent Impacts of Sensor Network Technology on Engineering Geodesy -- 21. Design of Artificial Neural Networks for Change-Point Detection. 22. Spatial and Temporal Kinematics of the Inylchek Glacier in Kyrgyzstan Derived From Lands at and ASTER Imagery -- 23. Response Automation in Geodetic Sensor Networks by Means of Bayesian Networks. 24. Efficiency Optimization of Surveying Processes -- 25. Modeling and Propagation of Quality Parameters in Engineering Geodesy Processes in Civil Engineering -- Part V Multi-Mission Approaches With View to Physical Processes in the Earth System -- 26. Completion of band-limited data sets on the sphere. 330 $aThese proceedings contain 25 papers, which are the peer-reviewed versions of presentations made at the 1st International Workshop on the Quality of Geodetic Observation and Monitoring (QuGOMS?11), held 13 April to 15 April 2011 in Garching, Germany. The papers were drawn from five sessions which reflected the following topic areas: (1) Uncertainty Modeling of Geodetic Data, (2) Theoretical Studies on Combination Strategies and Parameter Estimation, (3) Recursive State-Space Filtering, (4) Sensor Networks and Multi Sensor Systems in Engineering Geodesy, (5) Multi-Mission Approaches With View to Physical Processes in the Earth System. . 410 0$aInternational Association of Geodesy Symposia,$x2197-9359 ;$v140 606 $aGeophysics 606 $aGeographic information systems 606 $aGeotechnical engineering 606 $aGeophysics 606 $aGeographical Information System 606 $aGeotechnical Engineering and Applied Earth Sciences 615 0$aGeophysics. 615 0$aGeographic information systems. 615 0$aGeotechnical engineering. 615 14$aGeophysics. 615 24$aGeographical Information System. 615 24$aGeotechnical Engineering and Applied Earth Sciences. 676 $a526.1 676 $a55 676 $a550 676 $a624.151 676 $a910.285 702 $aKutterer$b H$g(Hansjo?rg),$4edt$4http://id.loc.gov/vocabulary/relators/edt 702 $aSeitz$b Florian$4edt$4http://id.loc.gov/vocabulary/relators/edt 702 $aAlkhatib$b Hamza$4edt$4http://id.loc.gov/vocabulary/relators/edt 702 $aSchmidt$b Michael$4edt$4http://id.loc.gov/vocabulary/relators/edt 906 $aBOOK 912 $a9910299457103321 996 $aThe 1st International Workshop on the Quality of Geodetic Observation and Monitoring Systems (QuGOMS'11)$92531278 997 $aUNINA